000 01096aam a2200313 i 4500
999 _c45275
_d45275
001 768714001
003 CO-MdFUSB
005 20190814154628.0
008 190723t1994 ck ad||| |||| 00| 0 spa d
020 _a9589039111
040 _bspa.
_aCO-MdFUSB
_cCO-MdFUSB
_dCO-MdFUSBC
_erda
041 _aspa
082 _a30
_2305.42098
_bD 974l
100 1 _aDussel, Enrique
_eautor
245 1 0 _aLiberación de la mujer y erótica latinoamericana.
_c/ Enrique Dussel
250 _aQuinta edición.
264 1 _aBogotá, Colombia :
_bNueva América,
_c[1994]
300 _a156 páginas
_c; 17 cm
336 _atexto
_btxt
_2rdacontent
337 _2rdamedia
_asin mediación
_bn
338 _2rdacarrier
_avolumen
_bnc
505 0 _aPresentación -- Hacia una metafísica de la femineidad -- Hacia una erótica latinoamericana palabras preliminares -- Epílogo -- Indice de las bibliografía citada
563 _aRústico
650 7 _9451
_aFeminismo
650 0 _9691
_aMujeres
_xDerechos
_zAmérica Latina
653 _aMujeres -- Condiciones sociales.
942 _cBK
945 _aJTF-925